Statistiques concernant Galactik Football Les Snow Kids

Cliquez ici pour prendre le quiz!

Statistiques générales

  • Ce quiz a été pris 494 fois
  • Le résultat moyen est 7 sur 11

Statistiques - réponses

Numéro du joueurJoueur% Correct
5Rocket
94%
9D'Jok
87%
3Micro-Ice
87%
4Tia
79%
1Ahito
75%
2Thran
73%
7Mei
71%
6Mark
55%
8Yuki
48%
11Sinedd
35%
10Lun-Zia
21%

Distribution des résultats

Percentile par nombre de réponses

% des personnes avec chaque résultat

Votre développement - résultats

Vous n’avez pas pris ce quiz